书目信息 |
| 题名: |
面试
|
|
| 作者: | 程连昌 , 李文燕 主编 | |
| 分册: | ||
| 出版信息: | 北京 中国人民公安大学出版社 2006 |
|
| 页数: | 223页 | |
| 开本: | 23cm | |
| 丛书名: | ||
| 单 册: | ||
| 中图分类: | D631.15 | |
| 科图分类: | ||
| 主题词: | 警察--中国--考核--自学参考资料 , 警察 | |
| 电子资源: | ||
| ISBN: | 7-81109-252-2 | |
| 000 | 00908nam0 2200253 450 | |
| 001 | 1239421843 | |
| 005 | 20121004105748.14 | |
| 010 | @a7-81109-252-2@dCNY26.00 | |
| 100 | @a20070327d2006 em y0chiy50 ea | |
| 101 | 0 | @achi |
| 102 | @aCN@b110000 | |
| 105 | @ay z 000yy | |
| 200 | 1 | @a面试@Amian shi@f程连昌,李文燕主编 |
| 210 | @a北京@c中国人民公安大学出版社@d2006 | |
| 215 | @a223页@d23cm | |
| 300 | @a金榜版招警考试系列 公安机关录用人民警察考试推荐用书 2006 | |
| 330 | @a本书内容有:面试工作概述、公安警察录用面试备考策略、面试过程及其应对策略、面试实战策略与应试技巧、公务员录用面试试题分类解析与自我测试和公务员录用面试试题精选与解析。 | |
| 606 | 0 | @a警察@y中国@x考核@j自学参考资料 |
| 606 | 0 | @a警察 |
| 690 | @aD631.15@v4 | |
| 701 | 0 | @a程连昌@Acheng lian chang@f(1931.5~)@4主编 |
| 701 | 0 | @a李文燕@Ali wen yan@f(1944~)@4主编 |
| 801 | 0 | @aCN@bNLC@c20101222 |
| 905 | @a10447@dD631.15@eJY7 | |
| 面试/程连昌,李文燕主编.-北京:中国人民公安大学出版社,2006 |
| 223页;23cm |
| 金榜版招警考试系列 公安机关录用人民警察考试推荐用书 2006 |
| ISBN 7-81109-252-2:CNY26.00 |
| 本书内容有:面试工作概述、公安警察录用面试备考策略、面试过程及其应对策略、面试实战策略与应试技巧、公务员录用面试试题分类解析与自我测试和公务员录用面试试题精选与解析。 |
| ● |
| 相关链接 |
|
|
|
|
正题名:面试
索取号:D631.15/JY7
 
预约/预借
| 序号 | 登录号 | 条形码 | 馆藏地/架位号 | 状态 | 备注 |
| 1 | 7812040 | 278120409 | 学院路分馆/ [索取号:D631.15/JY7] | 在馆 | |
| 2 | 7812041 | 278120418 | 学院路分馆/ [索取号:D631.15/JY7] | 在馆 | |
| 3 | 7812042 | 278120427 | 学院路分馆/ [索取号:D631.15/JY7] | 在馆 | |
| 4 | 7812043 | 278120436 | 学院路分馆/ [索取号:D631.15/JY7] | 在馆 |